Diccionario crítico del diseño

Сохранить в:
Библиографические подробности
Главный автор: Tejeda, Juan Guillermo (Автор)
Формат:
Язык:испанский
Опубликовано: Barcelona Paidós Ibérica 2006
Редактирование:1a. ed
Серии:Paidós Diseño, 6
Предметы:
Метки: Добавить метку
Нет меток, Требуется 1-ая метка записи!

MARC

LEADER 00000nam a2200000 a 4500
001 UCI4906
003 CL-VaPUC
008 080307e20060000SP |||||||||||||||||spa|d
020 |a 9788449319204 
020 |a 844931920X 
082 0 4 |a 745.403  |b TEJ  |2 21 
100 0 |a Tejeda, Juan Guillermo  |e author  |9 526991 
245 1 0 |a Diccionario crítico del diseño 
250 |a 1a. ed 
300 |a 274 p 
942 |c BK 
945 |d 20080307 00:00:00  |a cmena 
260 |a Barcelona  |b Paidós Ibérica  |c 2006 
650 0 |a Artes decorativas  |9 266306 
650 0 |a Diccionarios  |9 256200 
650 0 |a Diseño gráfico  |9 266874 
650 0 |a Diseño industrial  |9 262726 
650 0 |a Diseño arquitectónico   |9 265271 
583 |a last modification  |c 20080307 00:00:00  |k Rodrigo Vera 
490 0 |a Paidós Diseño, 6 
999 |c 328742  |d 328740 
952 |0 0  |1 0  |4 0  |6 745_403000000000000_TEJ_2006  |7 0  |8 F  |9 412815  |a BIBARQ  |b BIBARQ  |d 2019-11-22  |i 4412265  |o 745.403 TEJ 2006  |p 4412265  |r 2025-01-20  |w 2019-11-22  |y BK_F  |k ARQ